| 000 | 01153nam a2200301 4500 | ||
|---|---|---|---|
| 001 | 178072 | ||
| 003 | ES-MaACL | ||
| 005 | 20250706063014.0 | ||
| 008 | 110516s2006 sp | |||| |bspa d | ||
| 020 | _a84-8472-277-5 | ||
| 080 | _a929 Llorens, Vicente | ||
| 080 | _a929-054.7(=1.460:100):008"19" | ||
| 100 | 1 |
_aLlorens, Vicente, _d1906-1979 _972884 |
|
| 245 | 1 | 0 |
_aEstudios y ensayos sobre el exilio republicano de 1939 / _cVicente Llorens ; edición, estudio introductorio y notas de Manuel Aznar Soler. |
| 260 |
_aSevilla : _bRenacimiento, _c2006. |
||
| 300 |
_a454 p. : _b1 retr. ; _c22 cm. |
||
| 490 | 1 |
_aBiblioteca del exilio ; _v26 |
|
| 504 | _aBibliografía: p. 83-97. | ||
| 600 | 1 | 4 |
_aLlorens, Vicente, _d1906-1979 _972884 |
| 650 | 7 |
_aExiliados españoles- _xVida intelectual. _9143431 |
|
| 700 | 1 |
_aAznar Soler, Manuel. _924318 |
|
| 830 | 0 |
_aBiblioteca del exilio ; _v26 _9180374 |
|
| 852 |
_aES-MaACL _9184931 _bR.145753 _jA-11186 _cDEPO1 _dOlim: N-4191 _xDonación: Jose Esteban |
||
| 903 |
_9234040 _aEsteban, José _ednr |
||
| 942 |
_2udc _cMONOGRAFIA |
||
| 999 |
_c178072 _d178072 |
||